| 000 | 00775nam a22002055i 4500 | ||
|---|---|---|---|
| 001 | 166014 | ||
| 003 | ES-MaACL | ||
| 005 | 20250809033908.0 | ||
| 008 | 940206s1884 sp |||| | spa d | ||
| 040 |
_aCAM _bspa |
||
| 100 | 1 |
_aTapparelli, Luigi. _9133118 |
|
| 245 | 1 | 0 |
_aEnsayo teórico de derecho natural _b: apoyado en los hechos / _cpor Luis Taparelli ; traducido directamente de la última ed. italiana... corregida y aumentada por Juan Manuel Ortí y Lara. |
| 250 | _a2ª ed. | ||
| 260 |
_aMadrid : _bNueva Librería e Imprenta de San José, _c1884. |
||
| 300 |
_a3 v. ; _c23 cm. |
||
| 650 | 7 |
_aDerecho natural _2embne _911744 |
|
| 700 | 1 |
_aOrtí y Lara, Juan Manuel. _987534 |
|
| 852 |
_aES-MaACL _jB-5429-31 _z-- Enc. hol. |
||
| 999 |
_c166014 _d166014 |
||